000 00388nam a22001577a 4500
005 20260507161351.0
008 160426b xxu||||| |||| 00| 0 eng d
020 _a023-063-885-6
041 _aeng
082 _a658.4034
100 _aSharma, JK
_961
245 _aOperations Research: Theory and Applications
260 _aDelhi
_bMacmillan India Ltd,
_c2009
300 _a958
942 _cBK
999 _c39
_d39